000 01054nam a2200301 i 4500
003 EG-GICUC
005 20260125153144.0
008 260125s1843 fr ||fr|||| 001 0 fre d
040 _aEG-GiCUC
_bfre
_cEG-GiCUC
_dEG-GiCUC
_eRda
041 0 _afre
082 0 4 _221
_a341.8
_bFO . T
092 0 4 _221
099 _aLaw1 12 341.8 FO . T 1843
100 1 _aFoelix, M
_eAuteur
245 1 0 _aTraité du Droit International Privé :
_bOu Du Conflit Des Lois De Différentes Nations En Matière De Droit Prive /
_cPar M. Foelix.
264 1 _aParis :
_bJoubert, Libraire De La Cour De Cassation,
_c1843.
300 _a607 page,
_c 22 cm.
_billustration ;
336 _2rda contenu
_a texte
337 _2rda medias
_aOrdinateur
338 _2 transporteur rda
_a Ressource en ligne
504 _aBibliography: pages 200-250. 240-220
546 _aTexte en français
650 1 4 _aDroit international public
_2qrmak
651 1 _2qrmak
856 4 0 _uhttps://fll.law.cu.edu.eg/fulltext/bks/B12-02227.pdf
905 _a48
942 _2ddc
_cBK
_e21
_n0
999 _c59289
_d59289